| 000 | 00997cam a2200349 4500500 | ||
|---|---|---|---|
| 005 | 20260329003607.0 | ||
| 041 | _afre | ||
| 042 | _adc | ||
| 100 | 1 | 0 |
_ade Oliveira, Victorine _eauthor |
| 245 | 0 | 0 | _aWalter Benjamin et le sens de l’histoire |
| 260 | _c2016. | ||
| 500 | _a63 | ||
| 690 | _aAngelus Novus | ||
| 690 | _aBertolt Brecht | ||
| 690 | _aEnzo Traverso | ||
| 690 | _aGershom Scholem | ||
| 690 | _aHannah Arendt | ||
| 690 | _aHistoire | ||
| 690 | _aJudaïsme | ||
| 690 | _aMartin Legros | ||
| 690 | _aMarxisme | ||
| 690 | _aMatérialisme | ||
| 690 | _aMessianisme | ||
| 690 | _aPaul Klee | ||
| 690 | _aRégis Debray | ||
| 690 | _aSeconde Guerre mondiale | ||
| 690 | _aSens de l’histoire | ||
| 690 | _aVictorine de Oliveira | ||
| 690 | _aWalter Benjamin | ||
| 786 | 0 | _nPhilosophie magazine | 97 | 3 | 2016-03-01 | p. 51-51 | 1951-1787 | |
| 856 | 4 | 1 | _uhttps://shs.cairn.info/magazine-philosophie-magazine-2016-3-page-51?lang=fr&redirect-ssocas=7080 |
| 999 |
_c1825881 _d1825881 |
||